Textbook of elect. technology (Record no. 30114)

000 -LEADER
fixed length control field 00497nam a22001937a 4500
001 - CONTROL NUMBER
control field 30114
003 - CONTROL NUMBER IDENTIFIER
control field BD-DhUET
008 - FIXED-LENGTH DATA ELEMENTS--GENERAL INFORMATION
fixed length control field 150620b xxu||||| |||| 00| 0 eng d
040 ## - CATALOGING SOURCE
Transcribing agency 0
Modifying agency BD-DhUET
082 ## - DEWEY DECIMAL CLASSIFICATION NUMBER
Classification number 623
Item number THE/1982
100 ## - MAIN ENTRY--PERSONAL NAME
Personal name Theraja, B. L.
245 ## - TITLE STATEMENT
Title Textbook of elect. technology
250 ## - EDITION STATEMENT
Edition statement 1st ed.
260 ## - PUBLICATION, DISTRIBUTION, ETC. (IMPRINT)
Place of publication, distribution, etc. New Delhi
Name of publisher, distributor, etc. Nirja Construction & Development
Date of publication, distribution, etc. 1982
300 ## - PHYSICAL DESCRIPTION
Extent 1604 p.
Other physical details ill.
650 #0 - SUBJECT ADDED ENTRY--TOPICAL TERM
Topical term or geographic name as entry element Electrical technology
700 ## - ADDED ENTRY--PERSONAL NAME
Personal name Deshpande, Shri D. L.
942 ## - ADDED ENTRY ELEMENTS (KOHA)
Koha item type General Book
Holdings
Piece designation (barcode) Koha date last seen Koha normalized classification for sorting Withdrawn status Koha full call number Koha item type Sublocation or collection (holding branch) Copy number Location (home branch) Not for loan Lost status Source of classification or shelving scheme Shelving location Damaged status Price effective from Date acquired
545802015-06-20623_000000000000000_THE_1982 623/THE/1982Reading ItemCentral Library, BUET1Central Library, BUET   Reading section 2015-06-202015-06-20